Vista normal
Vista MARC
Entrada Materia (personas)
Número de registros utilizados en: 1
001 - CONTROL NUMBER
- control field: 41701
003 - CONTROL NUMBER IDENTIFIER
- control field: Co-BoUCM
005 - DATE AND TIME OF LATEST TRANSACTION
- control field: 20130729144636.0
008 - FIXED-LENGTH DATA ELEMENTS
- fixed length control field: 130729|| aca||aabn | a|a d
040 ## - CATALOGING SOURCE
- Original cataloging agency: Co-BoUCM
- Transcribing agency: Co-BoUCM
100 ## - HEADING--PERSONAL NAME
- Personal name: Martos, Cristino
670 ## - SOURCE DATA FOUND
- Source citation: Work cat.: (Co-BoUCM)38367: Fiore, Pasquale 1837-1914 41688, Derecho internacional privado Tomo primero [-Segundo], 1878